000 00550nam a2200181Ia 4500
008 100920s9999 xx 000 0 und d
082 _b84446
_a891.43 न 03
100 _aदाभोलकर वृन्दा.
245 _aसंत तुकाराम.
260 _bशब्द प्रकाशन.
_c2003
300 _a112
_bसाधी
365 _b85
520 _aहिंदी.
630 _aसंत तुकाराम.
650 _aहिंदी.
730 _aसंत तुकाराम.
942 _cBOOK
999 _c724998
_d724995